1027 1465 1892 1035 1757 1191 1424 1286 1631 1939 1829 1017 1583 1881 1581 1610 1537 1100 1684 1564 1812 1914 1193 1863 1385 1855 1256 1790 1222 1541 1195 1412 1224 1162 1649 1348 1482 1697 1460 1499 1361 1060 1225 1456 1520 1251 1146 1449 1175 1279 1338 1285 1889 1495 1541 1194 1347 1520 1104 1020 1973 1340 1935 1490 1401 1935 1397 1558 1201 1633 1047 1645 1081 1968 1140 1811 1260 1232 1941 1305 1492 1079 1460 1173 1691 1404 1635 1132 1214 1903 1087 1467 1864 1542 1422 1145 1087 1803 1863 BCNSPRNW ULIB Ver.6.0+V

เปลี่ยนเป็นภาษาไทย

Change to English
 แสดงรายละเอียดบรรณานุกรม
  กลับหน้าหลัก

Brief Record : Get Marc (ISO 2709) : E-mail record : QR code < ปิดหน้าต่าง
LEADER : 00000nam 2200000uu 4500
001    13399125597
003     ULIB
008    170702s2559||||th 000 0 tha d
020    ^a9786162712999
060    ^aWO100^bพ824ศ
100    ^aพุฒิศักดิ์ พุทธวิบูลย์ และศักดิ์ชาย เรืองสิน
245    ^aศัลย์เสวนา (Surgical Forum Vol 2) : Best Surgical Practices and Management of Complications/^cพุฒิศักดิ์ พุทธวิบูลย์ และศักดิ์ชาย เรืองสิน
250    ^aพิมพ์ครั้งที่ 1
260    ^aสงขลา :^bภาควิชาศัลยศาสตร์ คณะแพทยศาสตร์ มหาวิทยาลัยสงขลานครินทร์,^c2559
300    ^a214 หน้า^bภาพประกอบ
650    ^aศัลยศาสตร์^xรวมเรื่อง
650    ^aศัลยกรรม^xรวมเรื่อง
945    ^p480^l0^i002531
945    ^p480^l0^i002532
999    ^aทศพร
รายการนี้ยังไม่มีแท็ก
คุณยังไม่ได้ล็อกอิน คุณสามารถมีกิจกรรมร่วมกับเว็บไซต์ได้ แต่ต้องล็อกอินก่อน ::
  ล็อกอิน

รายการสื่อสารสนเทศ

ลำดับที่ ประเภท เลขเรียก/บาร์โค้ด สถานที่ สถานะ
1. วิทยาศาสตร์การแพทย์ และสุขภาพ
วิทยาศาสตร์การแพทย์ และสุขภาพ
สถานะ=หนังสือเก่า
WO100 พ824ศ ฉ.1 
  Barcode: 002531
ห้องสมุดวิทยาเขตสวรรค์ประชารักษ์
►ส่วนจัดเก็บหนังสือเก่า สปร
บนชั้น
  ขอยืม
2. วิทยาศาสตร์การแพทย์ และสุขภาพ
วิทยาศาสตร์การแพทย์ และสุขภาพ
สถานะ=หนังสือเก่า
WO100 พ824ศ ฉ.2 
  Barcode: 002532
ห้องสมุดวิทยาเขตสวรรค์ประชารักษ์
►ส่วนจัดเก็บหนังสือเก่า สปร
บนชั้น
  ขอยืม

รายการใกล้เคียง
    ผู้แต่ง [พุฒิศักดิ์ พุทธวิบูลย์ และศักดิ์ชาย เรืองสิน]

    หัวเรื่อง [ศัลยศาสตร์ รวมเรื่อง]

BibComment


ยังไม่เคยถูกคอมเมนท์

คอมเมนท์ทรัพยากรรายการนี้
  คอมเมนท์: ศัลย์เสวนา Surgi..


 Copyright 2026. Bcnsprnw @Library